000 00542nam a2200157 i 4500
001 44708
003 ES-MaACL
007 t|
008 030324s1850 fr ||||1| fre d
100 1 _aClaudel, J.
_939084
245 1 0 _aPractique de l'art de construire
_b: maçonnerie : connaisances relatives a l'exocution et a l'estimation des travaux de maçonnerie /
_cpar J. Claudel et J. Laroque.
260 _aParis :
_b[s.n.,
_c1850] (
_fHennuyer)
300 _aXII, 508 p. ;
_c22 cm.
700 1 _aLaroque, J.
_970280
852 _aES-MaACL
_jG-11470
999 _c44708
_d44708